Informes [de la Suprema Corte de Justicia] : 1969-1986 : índice de tesis de los tribunales colegiados administrativos del primer circuito /

Guardado en:
Detalles Bibliográficos
Formato: Libro
Idioma:Español
Temas:
Etiquetas: Agrega una etiqueta
Sin etiquetas, Sé el primero en etiquetar este registro!

MARC

LEADER 00000nam^a2200000^a^4500
001 000169626
005 20250521000000.0
009 20260310101242.389
037 |a Acervo ITESO - Biblioteca 
041 |a ESP 
082 |a 348. 72  |b SEM S. 7-f 1969-1988 V. 2 
240 1 1 |a [Informes de la Suprema Corte de Justicia] 
240 1 1 |a [Semanario Judicial de la Federación] 
245 0 0 |a Informes [de la Suprema Corte de Justicia] :  |b 1969-1986 : índice de tesis de los tribunales colegiados administrativos del primer circuito / 
264 |a México :  |b Suprema Corte de Justicia de la Nación,  |c 1987 
300 |a 146 p. 
336 |a texto  |b txt  |2 rdacontenido 
337 |a sin mediación  |b n  |2 rdamedio 
338 |a volumen  |b nc  |2 rdasoporte 
649 |a XX 
650 |a Suprema Corte de Justicia de la Nación -  |z México -  |x Informes -  |x Indices 
650 |a Jurisprudencia -  |z México -  |x Historia -  |y 1970-1979 
650 |a Jurisprudencia -  |z México -  |x Historia -  |y 1980-1989 
650 |a Jurisprudencia -  |z México -  |x Historia -  |y Siglo XX 
650 |a Derecho -  |z México -  |x Historia 
910 |a Fondo General 
920 |a Impresos - Libros 
930 |a Colección General 
905 |a 101 
901 |a 0500106339  |b IT1  |c ACC  |u 20250521 
902 |a https://opac.biblio.iteso.mx/vufind/Record/000169626